000 00311nam a2200121Ia 4500
003 GCL
008 140319s9999 xx 000 0 ara d
040 _aGCL /
_cGCL
082 0 4 _a953.302
_bج س
245 1 0 _aسياسة بريطانيا فى جنوب الجزيرة العربية
300 _a447 ص
490 _a
999 _c39832
_d39832